Budu dahamin pilibibuwana pelabeem niyaya (Record no. 880)
[ view plain ]
| 000 -LEADER | |
|---|---|
| fixed length control field | 00453nam a2200157Ia 4500 |
| 005 - DATE AND TIME OF LATEST TRANSACTION | |
| control field | 20250630012121.0 |
| 008 - FIXED-LENGTH DATA ELEMENTS--GENERAL INFORMATION | |
| fixed length control field | 240331s9999 xx 000 0 und d |
| 020 ## - INTERNATIONAL STANDARD BOOK NUMBER | |
| ISBN | 9552006120 |
| 082 ## - DDC Classification | |
| Class No. | 294 |
| Item Number - Author Mark | BAL |
| 100 ## - MAIN ENTRY--PERSONAL NAME | |
| Personal name | Balangoda Sobith, Thera |
| 245 #0 - TITLE STATEMENT | |
| Title | Budu dahamin pilibibuwana pelabeem niyaya |
| 260 ## - PUBLICATION, DISTRIBUTION, ETC. | |
| Place of publication, distribution, etc. | Colombo |
| Name of publisher, distributor, etc. | S. Godage & Brothers |
| Date of publication, distribution, etc. | 1991 |
| 300 ## - PHYSICAL DESCRIPTION | |
| Extent (e.g. Volumes, Pages etc.) | 224 p ., |
| 500 ## - GENERAL NOTE | |
| General note | The Theory of Temptations Reflected in Buddhism Balangoda |
| 942 ## - Koha item type (Biblio) | |
| Koha item type | Books in Stacks (Lending) |
| Lost status | Damaged status | Collection code | Home library | Current library | Shelving location | Date acquired | Full call number | Accession Number | Item type |
|---|---|---|---|---|---|---|---|---|---|
| Lending | WERC Library | WERC Library | Social Science Cupboard | 03/31/2024 | 294 BAL | 3098 | Books in Stacks (Lending) |
